书目信息 |
| 题名: |
小学数学多用手册
|
|
| 作者: | 郭淑真 主编 | |
| 分册: | ||
| 出版信息: | 北京 中国广播电视出版社 1992.10 |
|
| 页数: | 427页 | |
| 开本: | 19cm | |
| 丛书名: | ||
| 单 册: | ||
| 中图分类: | G624.5 , G-62 | |
| 科图分类: | 38.6351 | |
| 主题词: | 数学--小学--手册 , 文化 , 科学 , 教育 , 体育 | |
| 电子资源: | ||
| ISBN: | 7-5043-2079-X | |
| 000 | 00873nam0 2200289 45 | |
| 001 | 1554775618 | |
| 005 | 20150126151342.93 | |
| 010 | @a7-5043-2079-X@dCNY6.50 | |
| 100 | @a19930119d1992 cemy0chiy0121 ea | |
| 101 | 0 | @achi |
| 102 | @aCN@b110000 | |
| 105 | @ay z 000yy | |
| 200 | 10 | @a小学数学多用手册@AXIAO XUE SHU XUE DUO YONG SHOU CE@f郭淑真主编@FGUO SHU ZHEN ZHU BIAN |
| 210 | @a北京@c中国广播电视出版社@d1992.10 | |
| 215 | @a427页@d19cm | |
| 330 | @a本书包括1~6年级小学数学的基本知识、基本技能等。每个单元有学习目标、基础知识和基本技能提要、解题指导、巩固与提高训练四项。 | |
| 606 | @a数学@x小学@x手册 | |
| 606 | 0 | @a文化 |
| 606 | 0 | @a科学 |
| 606 | 0 | @a教育 |
| 606 | 0 | @a体育 |
| 690 | @aG624.5@v三版 | |
| 690 | @aG-62@v4 | |
| 692 | @a38.6351 | |
| 701 | 0 | @a郭淑真@AGUO SHU ZHEN@4主编 |
| 801 | 0 | @aCN@bTSSF@c20150126 |
| 905 | @aZUCC@dG-62@eJY16 | |
| 小学数学多用手册/郭淑真主编.-北京:中国广播电视出版社,1992.10 |
| 427页;19cm |
| ISBN 7-5043-2079-X:CNY6.50 |
| 本书包括1~6年级小学数学的基本知识、基本技能等。每个单元有学习目标、基础知识和基本技能提要、解题指导、巩固与提高训练四项。 |
| ● |
| 相关链接 |
|
|
|
|
正题名:小学数学多用手册
索取号:G-62/JY16
 
预约/预借
| 序号 | 登录号 | 条形码 | 馆藏地/架位号 | 状态 | 备注 |
| 1 | 7838698 | 278386989 | 学院路分馆/ [索取号:G-62/JY16] | 在馆 | |
| 2 | 7838699 | 278386998 | 学院路分馆/ [索取号:G-62/JY16] | 在馆 |